Methods and models in demography
Αποθηκεύτηκε σε:
| Κύριος συγγραφέας: | |
|---|---|
| Μορφή: | Βιβλίο |
| Γλώσσα: | English |
| Δημοσίευση: |
Chichester :
John Wiley and Sons,
1997
|
| Θέματα: | |
| Ετικέτες: |
Προσθήκη ετικέτας
Δεν υπάρχουν, Καταχωρήστε ετικέτα πρώτοι!
|
MARC
| LEADER | 00000nam a2200000 i 4500 | ||
|---|---|---|---|
| 001 | 1/5016 | ||
| 008 | 980216s1997 eng d | ||
| 020 | |a 0-471-94729-6 | ||
| 035 | |l 10061437 | ||
| 040 | |a GR-MY-UA |b gre |e aacr | ||
| 041 | 0 | |a eng | |
| 082 | 0 | |a 304.6072 | |
| 100 | 1 | |a Newell, Colin. | |
| 245 | 1 | 0 | |a Methods and models in demography / |c Colin Newell |
| 260 | |a Chichester : |b John Wiley and Sons, |c 1997 | ||
| 300 | |a 217 p. |b fig.; tables | ||
| 504 | |a Includes bibliographical references and index | ||
| 650 | 0 | 0 | |a Demography. |
| 650 | 0 | 0 | |a Demography |x Mathematical models. |
| 650 | 0 | 0 | |a Models, Theoretical. |
| 852 | |a INST |b LESVOS |e 19980216 |h 304.6072 NEW |p 005100015164 |q 005100015164 |t BK |y 0 | ||
| 852 | |a INST |b LESVOS |e 20000602 |h 304.6072 NEW |p 005100026474 |q 005100026474 |t BK |y 0 | ||
| 901 | |a BIBL-1998-2 | ||
| 909 | |a Λ |b 052099 | ||
| 909 | |a Λ |b 080127 | ||
| 922 | |a 1ΕΛΗ |b 199712 |c ΚΠΣ/ΜΠΡΙΑΣΟΥΛΗ |d ΠΑΠΑΣΩΤΗΡΙΟΥ | ||
| 922 | |a 1ΕΛΗ |b 200005 |c ΚΠΣ/ΤΓ |d LEADER | ||
| 950 | |a 118-1999-09-20 | ||
| 950 | |a 170/1995-10-24 | ||